[Event "South Wales International"]
[Site "Penarth Conservative Club, WLS"]
[Date "2013.07.16"]
[Round "5.1"]
[White "Strugnell, Carl"]
[Black "Petkov, Vladimir"]
[Result "0-1"]
[WhiteElo "2302"]
[BlackElo "2544"]
[PlyCount "100"]
[EventDate "2013.??.??"]

1. e4 e5 2. Nf3 Nc6 3. Bb5 Nf6 4. d3 Bc5 5. Bxc6 dxc6 6. Nbd2 Nd7 7. O-O O-O 8.
Nc4 Re8 9. Kh1 b5 10. Na5 Qf6 11. Ng1 Bb6 12. Nb3 Nf8 13. f4 exf4 14. Bxf4 Qe7
15. Qh5 Ng6 16. Bg5 f6 17. Nf3 fxg5 18. Nxg5 h6 19. Qxg6 hxg5 20. Qxc6 Be6 21.
Qxb5 Rf8 22. Qe5 c5 23. Rf5 Rae8 24. Rxg5 c4 25. Nc5 Qf7 26. Qd4 cxd3 27. cxd3
Bxa2 28. h3 Be6 29. b4 Bc8 30. Qd5 Rd8 31. Qxf7+ Rxf7 32. Rd1 Rd4 33. Rb1 Bc7
34. Kg1 Bf4 35. Rg6 Bd6 36. Rb3 Kh7 37. Rg5 Bf4 38. Rd5 Rxd5 39. exd5 Rf5 40.
Ne4 Rxd5 41. Kf2 Be5 42. Ke3 Bd4+ 43. Ke2 Bd7 44. g4 Rb5 45. Nd6 Rb6 46. Nc4
Re6+ 47. Kf3 Bc6+ 48. Kf4 Rf6+ 49. Kg3 Rf3+ 50. Kh2 g5 0-1

[Event "South Wales International"]
[Site "Penarth Conservative Club, WLS"]
[Date "2013.07.16"]
[Round "5.2"]
[White "Hawkins, Jonathan"]
[Black "Wells, Peter K"]
[Result "1/2-1/2"]
[WhiteElo "2517"]
[BlackElo "2479"]
[PlyCount "116"]
[EventDate "2013.??.??"]

1. d4 Nf6 2. c4 e6 3. Nc3 Bb4 4. e3 O-O 5. Bd3 d5 6. Nf3 c5 7. O-O cxd4 8. exd4
dxc4 9. Bxc4 b6 10. Bg5 Bb7 11. Re1 Nbd7 12. Rc1 Rc8 13. Qb3 Bxc3 14. Rxc3 h6
15. Bh4 Qe8 16. Nd2 Bd5 17. Qa3 Bxc4 18. Nxc4 Nd5 19. Rc2 Rc6 20. Qxa7 b5 21.
Ne3 Rxc2 22. Nxc2 N7b6 23. Qa3 Qc6 24. Qb3 Rc8 25. Ne3 Nc4 26. Bg3 Ndxe3 27.
fxe3 Nd2 28. Qd3 Ne4 29. Rf1 b4 30. Be1 Qc2 31. Qxc2 Rxc2 32. Bxb4 Rxb2 33. a3
Ra2 34. h3 g5 35. Rc1 Kg7 36. Rd1 h5 37. Kh2 h4 38. d5 exd5 39. Rxd5 Kg6 40.
Rd4 f5 41. Bd6 Ra1 42. a4 Kh5 43. Bc7 Nf2 44. g3 hxg3+ 45. Bxg3 Ne4 46. Bb8
Ra2+ 47. Kg1 Kh4 48. Rd5 Kxh3 49. Rxf5 Ra1+ 50. Rf1 Rxa4 51. Rf7 Ra1+ 52. Rf1
Ra2 53. Rf3+ Kg4 54. Rf7 Re2 55. Bc7 Rxe3 56. Bd8 Re1+ 57. Kg2 Re2+ 58. Kg1
Re1+ 1/2-1/2

[Event "South Wales International"]
[Site "Penarth Conservative Club, WLS"]
[Date "2013.07.16"]
[Round "5.4"]
[White "Hughes, John"]
[Black "Arkell, Keith C"]
[Result "0-1"]
[WhiteElo "2046"]
[BlackElo "2444"]
[PlyCount "66"]
[EventDate "2013.??.??"]

1. e4 c6 2. d4 d5 3. exd5 cxd5 4. c4 Nf6 5. Nc3 g6 6. cxd5 Nxd5 7. Qb3 Nb6 8.
Bb5+ Bd7 9. Nf3 Bg7 10. a4 Bxb5 11. Qxb5+ Qd7 12. O-O O-O 13. Bg5 e6 14. Rfd1
h6 15. Bf4 Rd8 16. Qe2 Nc6 17. Ne5 Qe8 18. Qe3 g5 19. Bg3 Nd5 20. Nxd5 Rxd5 21.
h4 Rad8 22. Nxc6 bxc6 23. hxg5 hxg5 24. Rac1 c5 25. Rc4 Qe7 26. Rdc1 Bxd4 27.
Qe2 f5 28. Qh5 f4 29. Qg6+ Bg7 30. Bxf4 gxf4 31. Rxf4 Rd1+ 32. Rxd1 Rxd1+ 33.
Kh2 Rd4 0-1

[Event "South Wales International"]
[Site "Penarth Conservative Club, WLS"]
[Date "2013.07.16"]
[Round "5.5"]
[White "Hanley, Craig A"]
[Black "Kostanjsek, Luke"]
[Result "1-0"]
[WhiteElo "2433"]
[BlackElo "1929"]
[PlyCount "37"]
[EventDate "2013.??.??"]

1. c4 Nf6 2. g3 g6 3. Bg2 Bg7 4. d4 O-O 5. Nc3 d6 6. Nf3 Nbd7 7. O-O c5 8. h3
a6 9. e4 Rb8 10. e5 Ne8 11. Bf4 b5 12. cxb5 axb5 13. dxc5 Nxc5 14. exd6 Nxd6
15. Ne5 Bd7 16. Nd5 Ne6 17. Nxd7 Nxf4 18. Nxb8 Nxg2 19. Nc6 1-0

[Event "South Wales International"]
[Site "Penarth Conservative Club, WLS"]
[Date "2013.07.16"]
[Round "5.6"]
[White "Greet, Andrew N"]
[Black "Thomas, Ben"]
[Result "1-0"]
[WhiteElo "2427"]
[BlackElo "1716"]
[PlyCount "55"]
[EventDate "2013.??.??"]

1. d4 Nf6 2. c4 g6 3. g3 Bg7 4. Bg2 O-O 5. Nc3 d6 6. Nf3 Nbd7 7. O-O c6 8. e4
e5 9. h3 exd4 10. Nxd4 Re8 11. Be3 Ne5 12. b3 Qa5 13. Qc2 Ned7 14. Rad1 Qh5 15.
Nde2 g5 16. g4 Nxg4 17. hxg4 Qh4 18. Nd4 Ne5 19. f3 c5 20. Bf2 Qh6 21. Nf5 Bxf5
22. exf5 Nc6 23. Ne4 Nd4 24. Bxd4 Bxd4+ 25. Rxd4 cxd4 26. Qd2 Re5 27. Qxd4 Qh4
28. Qxd6 1-0

[Event "South Wales International"]
[Site "Penarth Conservative Club, WLS"]
[Date "2013.07.16"]
[Round "5.7"]
[White "Rudd, Jack"]
[Black "Jones, Steven"]
[Result "1-0"]
[WhiteElo "2280"]
[BlackElo "2033"]
[PlyCount "91"]
[EventDate "2013.??.??"]

1. e4 c5 2. Nf3 Nc6 3. d4 cxd4 4. Nxd4 Nf6 5. Nc3 e5 6. Ndb5 d6 7. Bg5 a6 8.
Na3 b5 9. Nd5 Be7 10. Bxf6 Bxf6 11. c3 O-O 12. Nc2 Rb8 13. Ncb4 Nxb4 14. Nxb4
Bb7 15. Nd5 Bg5 16. Be2 g6 17. O-O Bxd5 18. Qxd5 Qb6 19. g3 Kg7 20. Kg2 Rbc8
21. h4 Be7 22. Bd1 Rc5 23. Qd3 b4 24. cxb4 Qxb4 25. Bb3 f5 26. exf5 Qb7+ 27.
Kg1 gxf5 28. Rac1 e4 29. Qd4+ Re5 30. Rc3 Rc8 31. Rfc1 Rxc3 32. Rxc3 Kg6 33.
Qc4 Bf6 34. Qg8+ Bg7 35. Rc8 e3 36. Qd8 h6 37. fxe3 Qe7 38. Qxe7 Rxe7 39. Kf2
Bxb2 40. Rc6 Ba3 41. Rxa6 Bc5 42. Rc6 Bxe3+ 43. Kf1 Bc5 44. Rc8 Re3 45. Rf8
Rxg3 46. Rg8+ 1-0

[Event "South Wales International"]
[Site "Penarth Conservative Club, WLS"]
[Date "2013.07.16"]
[Round "5.8"]
[White "Guy, David"]
[Black "Rees, Ioan"]
[Result "1-0"]
[WhiteElo "1965"]
[BlackElo "2258"]
[PlyCount "54"]
[EventDate "2013.??.??"]

1. e4 c5 2. Nf3 e6 3. d4 cxd4 4. Nxd4 Nf6 5. Nc3 Nc6 6. a3 Be7 7. Be2 d6 8. O-O
O-O 9. Be3 a6 10. Nb3 Qc7 11. f4 Re8 12. Kh1 b5 13. Bf3 Bb7 14. Qe2 Rac8 15.
Qf2 Bf8 16. Rad1 Qb8 17. g4 b4 18. Nb1 bxa3 19. Nxa3 d5 20. e5 Nxg4 21. Bxg4 d4
22. Bf3 dxe3 23. Qxe3 Nb4 24. Nd4 Bc5 25. c3 Nd5 26. Bxd5 Bxd5+ 27. Kg1 Qxb2
1-0

[Event "South Wales International"]
[Site "Penarth Conservative Club, WLS"]
[Date "2013.07.16"]
[Round "5.9"]
[White "Braun, Walter"]
[Black "Adebajo, Olufemi"]
[Result "1-0"]
[WhiteElo "2236"]
[BlackElo "1934"]
[PlyCount "83"]
[EventDate "2013.??.??"]

1. c4 e6 2. Nf3 c6 3. b3 f5 4. Bb2 Nf6 5. g3 d5 6. Bg2 Bd6 7. O-O O-O 8. d3 Qe7
9. Nc3 e5 10. e3 Nbd7 11. cxd5 Nxd5 12. Nxd5 cxd5 13. Qc2 Nf6 14. Qc3 e4 15.
Nd4 Bd7 16. a3 Rfc8 17. Qd2 Rc7 18. Rfc1 Rac8 19. Rxc7 Rxc7 20. b4 Ng4 21. dxe4
fxe4 22. Ne2 Qf7 23. Nc3 Nf6 24. Rd1 Bg4 25. Rb1 a6 26. h3 Be6 27. Rd1 Rd7 28.
Ne2 Qh5 29. Rc1 Rd8 30. Bxf6 gxf6 31. Nf4 Bxf4 32. exf4 Bxh3 33. Bxe4 Rd7 34.
Rc8+ Kg7 35. Rc5 Be6 36. Qd3 b6 37. Bf3 Qe8 38. Rc6 Rb7 39. Qc3 Qf7 40. Qd4 Qd7
41. Rxb6 Rc7 42. f5 1-0

[Event "South Wales International"]
[Site "Penarth Conservative Club, WLS"]
[Date "2013.07.16"]
[Round "5.10"]
[White "Robinson, David"]
[Black "Marusenko, Petr"]
[Result "0-1"]
[WhiteElo "1926"]
[BlackElo "2213"]
[PlyCount "76"]
[EventDate "2013.??.??"]

1. e4 c6 2. c4 g6 3. Nf3 Bg7 4. Nc3 d6 5. d4 Nf6 6. Be2 O-O 7. Bg5 h6 8. Bf4 a6
9. a4 Nbd7 10. Qd2 g5 11. Be3 Ng4 12. O-O Nxe3 13. Qxe3 c5 14. h3 cxd4 15. Nxd4
Ne5 16. Rac1 e6 17. Rfd1 Qc7 18. Kh1 b6 19. f4 gxf4 20. Qxf4 Bb7 21. Nf3 Rac8
22. Nxe5 dxe5 23. Qh4 Rfd8 24. Rf1 Rd4 25. Bh5 f5 26. Qg3 Bxe4 27. Nxe4 Rxe4
28. Qg6 Qe7 29. g4 Rf8 30. gxf5 exf5 31. Rxf5 Rxf5 32. Qxf5 Rf4 33. Qg6 e4 34.
Qxb6 e3 35. Rg1 Qe4+ 36. Rg2 Rf1+ 37. Kh2 Qf4+ 38. Rg3 Rf2+ 0-1

[Event "South Wales International"]
[Site "Penarth Conservative Club, WLS"]
[Date "2013.07.16"]
[Round "5.11"]
[White "Bryant, Richard BE"]
[Black "Brown, Martin"]
[Result "0-1"]
[WhiteElo "1934"]
[BlackElo "2203"]
[PlyCount "102"]
[EventDate "2013.??.??"]

1. e4 e6 2. Nc3 d5 3. d4 Nf6 4. e5 Nfd7 5. f4 c5 6. Nf3 Nc6 7. Be3 a6 8. g3
cxd4 9. Nxd4 Qb6 10. Rb1 Bc5 11. Nce2 a5 12. c3 f6 13. exf6 Nxf6 14. Qb3 Qxb3
15. axb3 Ne4 16. Nc2 g5 17. Ned4 gxf4 18. gxf4 Rf8 19. Be2 e5 20. Nb5 Kd8 21.
Rd1 Be6 22. fxe5 Be7 23. Rd3 Nxe5 24. Rd4 Nc5 25. Rf1 Rxf1+ 26. Kxf1 Nxb3 27.
Ra4 Kd7 28. Nbd4 Bh3+ 29. Ke1 Nc5 30. Bb5+ Kd6 31. Ra1 Bh4+ 32. Kd1 Ned3 33. b4
Nb2+ 34. Kc1 Ncd3+ 35. Kb1 a4 36. Ne2 Rf8 37. Ka2 Rf1 38. Nf4 Rxa1+ 39. Kxa1
Bf5 40. Nd4 Be4 41. Nfe6 Be1 42. Bh6 Ke7 43. Bg5+ Kf7 44. Nd8+ Kg6 45. h4 h6
46. Be8+ Kh7 47. N4e6 hxg5 48. Nxg5+ Kg8 49. Nxb7 Bxc3 50. Ka2 Nxb4+ 51. Ka3
Bb1 0-1

[Event "South Wales International"]
[Site "Penarth Conservative Club, WLS"]
[Date "2013.07.16"]
[Round "5.12"]
[White "Brown, Thomas"]
[Black "Thomas, James"]
[Result "1-0"]
[WhiteElo "2106"]
[BlackElo "1887"]
[PlyCount "71"]
[EventDate "2013.??.??"]

1. d4 d5 2. c4 e6 3. Nc3 Nf6 4. Nf3 Be7 5. Bg5 O-O 6. Qd2 b6 7. Bxf6 Bxf6 8. e4
dxe4 9. Nxe4 Bb7 10. Nxf6+ Qxf6 11. O-O-O Nd7 12. Be2 Rfd8 13. Qe3 a5 14. g4 a4
15. g5 Qe7 16. Rhg1 a3 17. b3 b5 18. c5 b4 19. h4 e5 20. Nxe5 Nxe5 21. Qxe5
Qxe5 22. dxe5 Re8 23. f4 Ra5 24. Kd2 Rxc5 25. Rc1 Rd8+ 26. Ke3 Rc3+ 27. Rxc3
bxc3 28. Rc1 Bd5 29. Rxc3 c6 30. Bc4 Kf8 31. Bxd5 cxd5 32. Kd4 f6 33. Rc7 fxg5
34. fxg5 h6 35. gxh6 gxh6 36. Ra7 1-0

[Event "South Wales International"]
[Site "Penarth Conservative Club, WLS"]
[Date "2013.07.16"]
[Round "5.13"]
[White "Ralphs, Nigel"]
[Black "Horton, Justin"]
[Result "1/2-1/2"]
[WhiteElo "1913"]
[BlackElo "2090"]
[PlyCount "76"]
[EventDate "2013.??.??"]

1. e4 e6 2. d4 d5 3. e5 c5 4. c3 Nc6 5. Nf3 Bd7 6. Be2 Nge7 7. Na3 cxd4 8. cxd4
Nf5 9. Nc2 Be7 10. Bd2 Rc8 11. O-O Qb6 12. Bc3 Na5 13. Qd2 Nc4 14. Bxc4 Rxc4
15. g4 Nh6 16. Ne3 Rc8 17. Rfc1 O-O 18. a3 Kh8 19. Bb4 Ng8 20. Bxe7 Nxe7 21. b4
Ba4 22. Rc5 Nc6 23. Ng2 Bb3 24. Rc3 Bc4 25. Nf4 a5 26. Nh5 axb4 27. axb4 Ra8
28. Rxa8 Rxa8 29. Qg5 Rg8 30. Qf4 Qxb4 31. Ng5 Nd8 32. Qxf7 Qxc3 33. Nf6 Qe1+
34. Kg2 Qf1+ 35. Kg3 Qg1+ 36. Kf3 Qd1+ 37. Kg3 Qg1+ 38. Kf3 Qd1+ 1/2-1/2

[Event "South Wales International"]
[Site "Penarth Conservative Club, WLS"]
[Date "2013.07.16"]
[Round "5.14"]
[White "Pleasants, Allan J"]
[Black "Staniforth, Matthew"]
[Result "1/2-1/2"]
[WhiteElo "2038"]
[BlackElo "1897"]
[PlyCount "35"]
[EventDate "2013.??.??"]

1. e4 e5 2. Nc3 Nf6 3. g3 Bc5 4. Bg2 O-O 5. d3 Nc6 6. Bg5 h6 7. Bxf6 Qxf6 8.
Qd2 d6 9. Nd5 Qd8 10. Ne2 Ne7 11. O-O Nxd5 12. exd5 Qg5 13. Qxg5 hxg5 14. Nc3
f5 15. Na4 Bb6 16. Nxb6 axb6 17. f3 Bd7 18. Rfd1 1/2-1/2

[Event "South Wales International"]
[Site "Penarth Conservative Club, WLS"]
[Date "2013.07.16"]
[Round "5.15"]
[White "Waterfield, John W"]
[Black "Bridges, Paul"]
[Result "1/2-1/2"]
[WhiteElo "1980"]
[BlackElo "1851"]
[PlyCount "120"]
[EventDate "2013.??.??"]

1. e4 c5 2. c3 e6 3. d4 d5 4. Nd2 Nc6 5. Ngf3 Nf6 6. Bd3 cxd4 7. cxd4 Bb4 8. e5
Nd7 9. O-O O-O 10. Nb3 f5 11. exf6 Nxf6 12. Bg5 Be7 13. Rc1 Bd7 14. a3 Rc8 15.
Re1 b6 16. Ba6 Rc7 17. Bf4 Ne4 18. Bxc7 Qxc7 19. Rxe4 dxe4 20. Ne5 Bd6 21. Nxd7
Qxd7 22. Qe2 Bf4 23. Rd1 Ne7 24. Bc4 Qc6 25. Nd2 Bxd2 26. Rxd2 Kh8 27. Rc2 Nf5
28. Ba2 Nxd4 29. Rxc6 Nxe2+ 30. Kf1 Nd4 31. Rd6 e5 32. Ke1 Rc8 33. Kd1 g6 34.
Bb1 Nb3 35. Bc2 Nc5 36. b4 Nd3 37. Bxd3 exd3 38. Rxd3 Rc7 39. Re3 Re7 40. f4
Rd7+ 41. Ke2 exf4 42. Re4 g5 43. h4 h6 44. hxg5 hxg5 45. Re5 g4 46. Rf5 f3+ 47.
gxf3 gxf3+ 48. Rxf3 Kg7 49. Ke3 a5 50. b5 Rd1 51. a4 Ra1 52. Rf4 Ra3+ 53. Kd2
Kg6 54. Kc2 Kg5 55. Rc4 Kf5 56. Kb2 Re3 57. Rc6 Re6 58. Kc3 Rxc6+ 59. bxc6 Ke6
60. Kc4 Kd6 1/2-1/2

[Event "South Wales International"]
[Site "Penarth Conservative Club, WLS"]
[Date "2013.07.16"]
[Round "5.16"]
[White "Kett, Tim"]
[Black "Davis, Lee"]
[Result "1/2-1/2"]
[WhiteElo "2230"]
[BlackElo "1956"]
[PlyCount "152"]
[EventDate "2013.??.??"]

1. e4 g6 2. d4 d6 3. Nc3 Nf6 4. f4 Bg7 5. Nf3 c5 6. dxc5 Qa5 7. Bd3 Qxc5 8. Qe2
O-O 9. Be3 Qa5 10. O-O Bg4 11. h3 Bxf3 12. Qxf3 Nc6 13. a3 a6 14. Rad1 Rac8 15.
Qf2 Nd7 16. Nd5 e6 17. Nb6 Nxb6 18. Bxb6 Qxb6 19. Qxb6 Bd4+ 20. Qxd4 Nxd4 21.
c3 Nc6 22. Bb1 Rfd8 23. Ba2 Kf8 24. Rf3 Ke7 25. Rfd3 b5 26. Kf2 a5 27. Ke3 b4
28. cxb4 axb4 29. Rc1 e5 30. Rd5 bxa3 31. bxa3 Nb4 32. axb4 Rxc1 33. fxe5 Rc2
34. exd6+ Rxd6 35. Rxd6 Kxd6 36. Bxf7 Ke5 37. Kf3 Rb2 38. h4 Rxb4 39. h5 g5 40.
h6 Rxe4 41. Bg8 Rh4 42. Bxh7 Rxh6 43. Bd3 Rd6 44. Bh7 Rd4 45. g3 Rb4 46. Bg6
g4+ 47. Kf2 Kf6 48. Bh7 Rb3 49. Be4 Ke5 50. Bc6 Rd3 51. Bb7 Rc3 52. Ba6 Kd4 53.
Bb7 Rc2+ 54. Kg1 Rc7 55. Ba8 Ke3 56. Kg2 Rc2+ 57. Kg1 Rf2 58. Bc6 Rd2 59. Bb7
Rc2 60. Bd5 Rc5 61. Bb7 Kd4 62. Kg2 Ke5 63. Kf2 Rc3 64. Ba8 Kd6 65. Bb7 Rc7 66.
Ba8 Ke5 67. Kg2 Kd4 68. Kf2 Rf7+ 69. Kg2 Ke3 70. Bd5 Rf2+ 71. Kg1 Rf6 72. Kg2
Ke2 73. Bb7 Rf3 74. Bc6 Rf2+ 75. Kg1 Ke1 76. Bd5 Rf1+ 1/2-1/2

[Event "South Wales International"]
[Site "Penarth Conservative Club, WLS"]
[Date "2013.07.16"]
[Round "5.17"]
[White "House, Glenn L"]
[Black "Bullen, Alex"]
[Result "1-0"]
[WhiteElo "2211"]
[BlackElo "1954"]
[PlyCount "63"]
[EventDate "2013.??.??"]

1. e4 c5 2. Nc3 e6 3. g3 Nc6 4. Bg2 Nf6 5. f4 d5 6. e5 Nd7 7. Nf3 a6 8. O-O b5
9. Kh1 Qb6 10. d3 Bb7 11. Ne2 d4 12. Neg1 Be7 13. Qe2 Qc7 14. Bd2 g6 15. h4 h5
16. Nh3 Nb6 17. Nf2 Rd8 18. Ne4 Nd5 19. Kh2 Ncb4 20. Rfc1 Qd7 21. a3 Nc6 22.
Nfg5 Ba8 23. Rf1 Bxg5 24. Nd6+ Kf8 25. fxg5 Rh7 26. Bxd5 exd5 27. Rf6 Rb8 28.
Raf1 Nd8 29. Rxg6 Bb7 30. Rgf6 Bc8 31. Nxc8 Rxc8 32. g6 1-0

[Event "South Wales International"]
[Site "Penarth Conservative Club, WLS"]
[Date "2013.07.16"]
[Round "5.18"]
[White "Steffens, Olaf"]
[Black "Woolcock, Craig"]
[Result "1-0"]
[WhiteElo "2200"]
[BlackElo "1893"]
[PlyCount "73"]
[EventDate "2013.??.??"]

1. b3 d5 2. Bb2 c5 3. e3 a6 4. f4 Nc6 5. Nf3 Bg4 6. Be2 e6 7. O-O Nf6 8. d3 Be7
9. Nbd2 O-O 10. Ne5 Bxe2 11. Qxe2 Rc8 12. Ndf3 b5 13. a4 Qb6 14. g4 Rfd8 15.
Ng5 Rf8 16. Ngf3 Rfd8 17. Nxc6 Rxc6 18. Ne5 Rcc8 19. f5 d4 20. g5 Nd5 21. Qh5
g6 22. fxg6 fxg6 23. Nxg6 Bf8 24. Rf7 Bg7 25. Raf1 Rc7 26. Ne5 Nxe3 27. g6 h6
28. Bc1 Nf5 29. R1xf5 exf5 30. Bxh6 Bxe5 31. Bg7 Qxg6+ 32. Qxg6 Rxf7 33. Bxe5+
Kf8 34. Bd6+ Rxd6 35. Qxd6+ Kg8 36. Qxc5 f4 37. Qxd4 1-0

[Event "South Wales International"]
[Site "Penarth Conservative Club, WLS"]
[Date "2013.07.16"]
[Round "5.20"]
[White "Williams, Ron"]
[Black "Harley-Yeo, Gareth"]
[Result "0-1"]
[WhiteElo "1807"]
[BlackElo "1979"]
[PlyCount "76"]
[EventDate "2013.??.??"]

1. d4 g6 2. c4 Bg7 3. Nc3 c5 4. d5 Bxc3+ 5. bxc3 f5 6. e4 fxe4 7. f3 exf3 8.
Nxf3 d6 9. Bd3 Nf6 10. O-O Bg4 11. Qc2 Rg8 12. Bf4 Nbd7 13. Rae1 Nf8 14. Bh6
Qc7 15. Bxf8 Rxf8 16. Bxg6+ hxg6 17. Qxg6+ Kd7 18. Ng5 Rae8 19. Nh7 Nxh7 20.
Qxg4+ Kd8 21. Rxf8 Nxf8 22. Qf5 Nd7 23. h4 Rf8 24. Qg5 Ne5 25. h5 Qd7 26. Re4
Qf5 27. Qxf5 Rxf5 28. g4 Rg5 29. Kf2 Nxg4+ 30. Kf3 Nf6 31. Rh4 Rxh5 32. Rxh5
Nxh5 33. Kg4 Nf6+ 34. Kf5 Nd7 35. Ke4 Ne5 36. Ke3 Nxc4+ 37. Kd3 b5 38. a4 Nb2+
0-1

[Event "South Wales International"]
[Site "Penarth Conservative Club, WLS"]
[Date "2013.07.16"]
[Round "5.21"]
[White "Fox, Chris"]
[Black "Rodriguez, Juan"]
[Result "1/2-1/2"]
[WhiteElo "1770"]
[BlackElo "1967"]
[PlyCount "83"]
[EventDate "2013.??.??"]

1. d4 d5 2. Nf3 Nf6 3. Bf4 c5 4. c3 Qb6 5. Qb3 Nc6 6. e3 c4 7. Qxb6 axb6 8. Be2
Bf5 9. Nbd2 h6 10. Ne5 Nxe5 11. Bxe5 e6 12. f3 Nd7 13. Bg3 Bh7 14. O-O Be7 15.
e4 O-O 16. e5 Ra5 17. b4 Ra3 18. Rfc1 Rfa8 19. Nf1 b5 20. Ne3 Nb6 21. f4 Rxa2
22. Rxa2 Rxa2 23. Bg4 Be4 24. Bf2 g6 25. h4 h5 26. Bf3 Bd3 27. g3 Na4 28. Be1
Be2 29. Bxe2 Rxe2 30. Bf2 Nxc3 31. Rxc3 Bxb4 32. Rc2 Rxc2 33. Nxc2 Ba5 34. Kf1
Kf8 35. Be1 c3 36. Ke2 b4 37. Na1 Ke7 38. Kd3 Kd7 39. Kc2 Kc6 40. Kb3 Kb5 41.
Nc2 Bb6 42. Bf2 1/2-1/2

[Event "South Wales International"]
[Site "Penarth Conservative Club, WLS"]
[Date "2013.07.16"]
[Round "5.22"]
[White "Bennett, Owen"]
[Black "Hickman, John E"]
[Result "0-1"]
[WhiteElo "1706"]
[BlackElo "1965"]
[PlyCount "92"]
[EventDate "2013.??.??"]

1. d4 d6 2. Nf3 Nf6 3. c4 g6 4. Nc3 Bg7 5. g3 O-O 6. Bg2 Nbd7 7. O-O e5 8. h3
Re8 9. dxe5 dxe5 10. Be3 c6 11. Nd2 Bf8 12. a3 Bc5 13. Bxc5 Nxc5 14. b4 Ne6 15.
c5 Nd4 16. Nc4 Be6 17. Nd6 Re7 18. e3 Nf5 19. Nce4 Nxe4 20. Nxe4 Rd7 21. Qc2
Qe7 22. Rfd1 Bd5 23. Nc3 Bxg2 24. Kxg2 Rad8 25. Rxd7 Rxd7 26. Rd1 Ng7 27. Ne4
Ne8 28. Rxd7 Qxd7 29. Qd2 Qxd2 30. Nxd2 Nc7 31. Nc4 Nb5 32. a4 Nc3 33. Nd6 Nd5
34. b5 cxb5 35. axb5 Nc7 36. Nxb7 Nxb5 37. Na5 e4 38. Kf1 f5 39. Ke2 Kf7 40.
Nc6 Ke6 41. Nd4+ Nxd4+ 42. exd4 Kd5 43. Kd2 g5 44. Ke3 a5 45. h4 gxh4 46. gxh4
a4 0-1

[Event "South Wales International"]
[Site "Penarth Conservative Club, WLS"]
[Date "2013.07.16"]
[Round "5.23"]
[White "Ehsander, Peter"]
[Black "de Brouwere, Johan"]
[Result "1-0"]
[WhiteElo "1959"]
[BlackElo "1727"]
[PlyCount "31"]
[EventDate "2013.??.??"]

1. e4 e5 2. Nf3 Nf6 3. Nxe5 d6 4. Nf3 Nxe4 5. Nc3 Nf6 6. d4 d5 7. Bg5 Be7 8.
Bd3 O-O 9. Qd2 Nc6 10. O-O-O Nb4 11. Rhe1 Nxd3+ 12. Qxd3 Re8 13. Kb1 Bg4 14.
Bxf6 Bxf3 15. Rxe7 Rxe7 16. Bxe7 1-0

[Event "South Wales International"]
[Site "Penarth Conservative Club, WLS"]
[Date "2013.07.16"]
[Round "5.24"]
[White "Gosling, Brian GE"]
[Black "Wills, Alex"]
[Result "1-0"]
[WhiteElo "1956"]
[BlackElo "1717"]
[PlyCount "77"]
[EventDate "2013.??.??"]

1. e4 e5 2. Bc4 Nf6 3. d3 Bc5 4. Nc3 d6 5. Nf3 Bg4 6. Be3 Bb6 7. Nd5 O-O 8. h3
Bh5 9. g4 Bg6 10. Nxf6+ gxf6 11. Nh4 Bxe3 12. fxe3 c6 13. Qf3 a5 14. a4 Nd7 15.
Bb3 Nc5 16. Bc4 Ne6 17. Nf5 Ng5 18. Qg2 Qb6 19. Kd2 Qb4+ 20. Kc1 Qc5 21. Qf2 b5
22. Bb3 Rfb8 23. h4 bxa4 24. Bxa4 Ne6 25. Ne7+ Kf8 26. Nxc6 Rb6 27. Qxf6 Qxe3+
28. Kb1 Rxc6 29. Bxc6 Ra6 30. Qh8+ Ke7 31. Qe8+ Kf6 32. g5+ Kg7 33. h5 Bxh5 34.
Rxh5 Nf4 35. Rxh7+ Kxh7 36. Qxf7+ Kh8 37. Ka2 Qh3 38. g6 Nxg6 39. Qxg6 1-0

[Event "South Wales International"]
[Site "Penarth Conservative Club, WLS"]
[Date "2013.07.16"]
[Round "5.26"]
[White "Sivarajasingam, Shayanna"]
[Black "Thorpe, Thomas"]
[Result "0-1"]
[WhiteElo "1441"]
[BlackElo "1885"]
[PlyCount "90"]
[EventDate "2013.??.??"]

1. e4 g6 2. Nf3 Bg7 3. c3 d6 4. d4 Nf6 5. Bd3 O-O 6. O-O Nbd7 7. Be3 b6 8. h3
Bb7 9. Nbd2 Re8 10. Re1 e5 11. d5 Nc5 12. Bxc5 bxc5 13. Nb3 c6 14. dxc6 Bxc6
15. c4 a5 16. Nbd2 Qd7 17. b3 Nh5 18. Qc2 Nf4 19. Nb1 f5 20. Nc3 fxe4 21. Bxe4
Bxe4 22. Qxe4 Rf8 23. Rad1 Rad8 24. Na4 Qf7 25. Nb6 Qe6 26. Nh2 Kh8 27. Nd5 Nh5
28. Re3 Bh6 29. Rf3 Bf4 30. Nxf4 Nxf4 31. Nf1 Qe7 32. Ng3 Qg5 33. Qe1 Nxh3+ 34.
Kh2 Rxf3 35. gxf3 Nf4 36. Qxa5 Qh4+ 37. Kg1 Re8 38. Qe1 Nh3+ 39. Kg2 Nf4+ 40.
Kg1 Re6 41. a4 g5 42. a5 Rh6 43. a6 Qh2+ 44. Kf1 Qh1+ 45. Nxh1 Rxh1# 0-1

[Event "South Wales International"]
[Site "Penarth Conservative Club, WLS"]
[Date "2013.07.16"]
[Round "5.30"]
[White "Bennett, Rhys"]
[Black "Evans, James"]
[Result "1-0"]
[WhiteElo "1729"]
[BlackElo "1428"]
[PlyCount "35"]
[EventDate "2013.??.??"]

1. e4 e5 2. Nf3 Nc6 3. d4 exd4 4. Nxd4 Nge7 5. Nc3 g6 6. Be3 Bg7 7. Bc4 Ne5 8.
Bb3 d6 9. Qd2 Bd7 10. f3 N7c6 11. Nxc6 Nxc6 12. Bg5 f6 13. Bh4 Qe7 14. Nd5 Qd8
15. Qc3 Rf8 16. O-O-O Rf7 17. Qc4 Rc8 18. Nxc7+ 1-0

[Event "South Wales International"]
[Site "Penarth Conservative Club, WLS"]
[Date "2013.07.16"]
[Round "5.31"]
[White "Jones, Jeremy"]
[Black "Tarr, Stephen"]
[Result "0-1"]
[WhiteElo "1621"]
[BlackElo "1826"]
[PlyCount "138"]
[EventDate "2013.??.??"]

1. d4 Nf6 2. c4 e5 3. dxe5 Ng4 4. Bf4 Nc6 5. Nf3 Bb4+ 6. Nbd2 Qe7 7. a3 Ngxe5
8. Nxe5 Nxe5 9. Bxe5 Bxd2+ 10. Qxd2 Qxe5 11. O-O-O d6 12. Qd5 Qf4+ 13. Kb1 Be6
14. Qd4 Bf5+ 15. Ka1 Qh6 16. e4 Bg6 17. Be2 O-O 18. f3 Rfe8 19. Qd2 Qxd2 20.
Rxd2 f5 21. exf5 Bxf5 22. Rhd1 Re5 23. Bd3 Rae8 24. Bxf5 Rxf5 25. Kb1 Kf7 26.
Kc2 Rc5 27. b3 b5 28. Kc3 bxc4 29. bxc4 Rc6 30. Rb1 Ra6 31. Rb3 Re5 32. Rd5 Ke6
33. Rd3 Rc6 34. Kd4 d5 35. cxd5+ Rxd5+ 36. Ke3 Rc2 37. Rxd5 Kxd5 38. Rb7 a6 39.
g4 g5 40. Kd3 Rc6 41. Rb2 Rb6 42. Ra2 c5 43. Kc3 c4 44. Rd2+ Kc5 45. Rd7 Rb3+
46. Kc2 Rxa3 47. Rxh7 Rxf3 48. Rh5 Kd4 49. Rxg5 Rf2+ 50. Kc1 Rxh2 51. Rg8 Kc3
52. Kb1 Rg2 53. g5 a5 54. g6 a4 55. g7 Rg1+ 56. Ka2 a3 57. Ra8 Rxg7 58. Kxa3
Rb7 59. Ka2 Rb5 60. Rh8 Rd5 61. Kb1 Rd1+ 62. Ka2 Kc2 63. Rc8 Rd4 64. Rc7 c3 65.
Ka3 Rd1 66. Ka2 Rd8 67. Ka3 Ra8+ 68. Kb4 Kb2 69. Kc4 c2 0-1